000 00468nam a2200193Ia 4500
005 20240823033152.0
008 240823s9999||||xx |||||||||||||| ||und||
020 _a978-81-8201-182-3
041 _aENGLISH
082 _A153.69 Q2
100 _aDevanath C S
245 0 _aUdal Mozhi Ennum Anga Asaivugal Peasum Unmaigal
250 _a1st
260 _c2012
_bNarmatha Pathi
500 _aYES
650 _aTamil Book
_bGeneral
942 _cBK
999 _c195176
_d195176